| 000 | 00000nam 2200000zi 4500 |
| 001 | 9.867075 |
| 003 | CaOODSP |
| 005 | 20250203103925 |
| 006 | m o d f |
| 007 | cr cn||||||||| |
| 008 | 190114t20192019bcca ob f000 0 iku d |
| 020 | |a9780660292892 |
| 040 | |aCaOODSP|beng|erda|cCaOODSP |
| 043 | |an-cn--- |
| 086 | 1 |aCP32-163/1-2017Iku2-PDF|zCP32-163/1-2017S-PDF |
| 110 | 2 |aNational Inquiry into Missing and Murdered Indigenous Women and Girls (Canada)|eauthor, |eissuing body. |
| 245 | 10|a[Our women and girls are sacred] : |b[interim report] / |c[the National Inquiry into Missing and Murdered Indigenous Women and Girls]. |
| 250 | |a[Inuktitut (Nunavut) edition]. |
| 264 | 1|aVancouver, BC : |bNational Inquiry into Missing and Murdered Indigenous Women and Girls, |c[2019] |
| 264 | 4|c©2019 |
| 300 | |a1 online resource (106 pages) : |bcolour illustrations |
| 336 | |atext|btxt|2rdacontent |
| 337 | |acomputer|bc|2rdamedia |
| 338 | |aonline resource|bcr|2rdacarrier |
| 500 | |aIssued also in English under title: Our women and girls are sacred: interim report. |
| 504 | |aIncludes bibliographical references. |
| 546 | |aText in Inuktitut (Nunavut). |
| 650 | 0|aMissing persons|xInvestigation|zCanada. |
| 650 | 0|aIndigenous women|xCrimes against|zCanada. |
| 650 | 0|aIndigenous women|xViolence against|zCanada. |
| 775 | 08|tOur women and girls are sacred : |w(CaOODSP)9.843833 |
| 792 | |t[Nos femmes et nos filles sont sacrées] : |efre|w(CaOODSP)9.867076 |
| 856 | 40|qPDF|s12.44 MB|uhttps://publications.gc.ca/collections/collection_2021/ffada-mmiwg/CP32-163-1-2017-iku.pdf |